000 00920nam a22002777a 4500
001 BR7500367
003 BR-BrBNA
005 20230928084720.0
007 ta
008 230509b bl.||||| |||| 00| 0 por d
040 _aBR-BrBNA
_bpor
_cBiblioteca Nacional de Agricultura
041 _a(Por)
072 _aE50
_b/G514
090 _ E50 BR7500367
110 1 _aAssociacao de Credito e Assistencia Rural do Estado do Para, Belem (Brasil);
_9493
110 1 _aEmpresa Brasileira de Pesquisa Agropecuaria, Belem, PA. Representacao Estadual no Para
111 1 _aSeminario de Transferencia de Tecnologia
_cBelem, PA (Brazil)
_d30 Jun 1975
245 1 _aSeminario de transferencia de tecnologia [Para; Brasil]
260 3 _aBelem, PA (Brasil):
_c1975.
300 _a13 p.
650 _aSociologia rural
650 _aTecnologia agricola
650 _aPara
909 _a202309
_bLucia
_c55
_dLucia Elande
942 _cBK
999 _c20665
_d20665